| 000 | 00433nam a22001817a 4500 | ||
|---|---|---|---|
| 003 | NUST - PNEC | ||
| 005 | 20170116181102.0 | ||
| 008 | 151003b xxu||||| |||| 00| 0 eng d | ||
| 020 | _a0090986709 | ||
| 020 | _a0090986717 | ||
| 040 | _cLIBRARY | ||
| 082 | _a694 BAY | ||
| 100 |
_912442 _aBayliss, R. |
||
| 245 |
_aCarpentry and joinery 3 _cR. Bayliss |
||
| 260 | _cc.1966 | ||
| 650 |
_912444 _aCarpentry _xME |
||
| 942 |
_2ddc _cBK |
||
| 999 |
_c68819 _d68819 |
||